[Event "Misurata op"]
[Site "Misurata"]
[Date "2022.12.13"]
[Round "7"]
[White "Ftiees, Salah"]
[Black "Algargani, Mohamed Abdualgadee"]
[Result "0-1"]
[WhiteElo "1817"]
[BlackElo "1630"]
[PlyCount "36"]
[EventDate "2022.12.08"]
[EventType "swiss"]
[EventRounds "9"]
[EventCountry "LBY"]
[SourceTitle "EXT 2024"]
[Source "ChessBase"]
[SourceDate "2023.10.10"]
[SourceVersion "1"]
[SourceVersionDate "2023.10.10"]
[SourceQuality "1"]

1. e4 d5 2. exd5 Qxd5 3. Nc3 Qd8 4. d4 Bf5 5. Nf3 e6 6. Be3 Nd7 7. a3 c6 8. Be2 Ngf6 9. 0-0 Bd6 10. Nh4 Bg6 11. f4 Nd5 12. Nxd5 cxd5 13. Nf3 0-0 14. c3 Nf6 15. Ne5 Bxe5 16. fxe5 Ne4 17. Qc1 Qb6 18. a4 a6 0-1